[Event "TUR Cup"]
[Site "Adapazari"]
[Date "2022.03.28"]
[Round "6"]
[White "Gokbulut, Julia"]
[Black "Tocoglu, Onur"]
[Result "1-0"]
[WhiteElo "1921"]
[BlackElo "1798"]
[PlyCount "93"]
[EventDate "2022.03.25"]
[EventType "swiss"]
[EventRounds "11"]
[EventCountry "TUR"]
[SourceTitle "EXT 2023"]
[Source "ChessBase"]
[SourceDate "2022.10.05"]
[SourceVersion "1"]
[SourceVersionDate "2022.10.05"]
[SourceQuality "1"]

1. d4 Nf6 2. c4 b6 3. f3 e6 4. Nc3 d5 5. Bg5 Be7 6. e3 Bb7 7. Bd3 dxc4 8. Bxc4 Nd5 9. Bxd5 exd5 10. Bf4 Bh4+ 11. g3 g5 12. Be5 f6 13. Bxc7 Qxc7 14. gxh4 Qe7 15. Qd2 gxh4 16. 0-0-0 Na6 17. Nh3 0-0-0 18. Nf4 Nc7 19. Rde1 f5 20. Rhg1 Rhg8 21. Nd3 Rg7 22. Qf2 Rdg8 23. Rxg7 Rxg7 24. Rg1 Rxg1+ 25. Qxg1 a6 26. Ne5 Ne6 27. Qg8+ Kc7 28. Ne2 Bc8 29. Qf7 Qxf7 30. Nxf7 Bb7 31. Kd2 a5 32. f4 Nf8 33. Ng1 Kd7 34. Ne5+ Ke6 35. Ngf3 h6 36. Nxh4 Nh7 37. Nd3 Nf6 38. Nf2 Ba6 39. Ke1 Ne8 40. Nf3 Nd6 41. Ne5 a4 42. a3 Nc4 43. Nxc4 Bxc4 44. Kd2 Kf6 45. Kc3 Kg6 46. Kb4 Kh5 47. Kxa4 1-0

[Event "TUR Cup"]
[Site "Adapazari"]
[Date "2022.03.26"]
[Round "2"]
[White "Kirilmaz, Emre"]
[Black "Tocoglu, Onur"]
[Result "1-0"]
[WhiteElo "2197"]
[BlackElo "1798"]
[PlyCount "73"]
[EventDate "2022.03.25"]
[EventType "swiss"]
[EventRounds "11"]
[EventCountry "TUR"]
[SourceTitle "EXT 2023"]
[Source "ChessBase"]
[SourceDate "2022.10.05"]
[SourceVersion "1"]
[SourceVersionDate "2022.10.05"]
[SourceQuality "1"]

1. d4 Nf6 2. c3 d5 3. Bg5 Ne4 4. Bf4 c5 5. f3 Nf6 6. dxc5 a5 7. b4 axb4 8. cxb4 Nc6 9. Bd2 b6 10. b5 Na5 11. c6 e5 12. e3 Bc5 13. Nc3 d4 14. Na4 Bd6 15. Bd3 Be6 16. exd4 exd4 17. Ne2 Nc4 18. Bc1 Ne5 19. Nb2 Bb4+ 20. Kf2 0-0 21. Bf4 Qd5 22. a4 Bc3 23. Rb1 Bxb2 24. Rxb2 Nxd3+ 25. Qxd3 Rxa4 26. Rd1 Bf5 27. Qd2 d3 28. Nc3 Qd4+ 29. Be3 Qh4+ 30. Kg1 Rc4 31. Bxb6 Re8 32. Bf2 Qh5 33. b6 Rxc6 34. b7 Nd7 35. Bg3 Nb8 36. Bxb8 Rxb8 37. Qf4 1-0

[Event "TUR Cup"]
[Site "Adapazari"]
[Date "2022.03.26"]
[Round "3"]
[White "Tocoglu, Onur"]
[Black "Akgun, Yusuf1111"]
[Result "1/2-1/2"]
[WhiteElo "1798"]
[BlackElo "1350"]
[PlyCount "164"]
[EventDate "2022.03.25"]
[EventType "swiss"]
[EventRounds "11"]
[EventCountry "TUR"]
[SourceTitle "EXT 2023"]
[Source "ChessBase"]
[SourceDate "2022.10.05"]
[SourceVersion "1"]
[SourceVersionDate "2022.10.05"]
[SourceQuality "1"]

1. e4 c6 2. d4 d5 3. Nc3 dxe4 4. Nxe4 Nf6 5. Nxf6+ exf6 6. Bf4 Bd6 7. Qd2 Be6 8. Bd3 Qc7 9. Ne2 Nd7 10. 0-0 0-0-0 11. c3 g5 12. Bxd6 Qxd6 13. f4 gxf4 14. Qxf4 Qxf4 15. Rxf4 Rdg8 16. Ng3 h5 17. Nf5 Rg4 18. Raf1 Kc7 19. Rxg4 hxg4 20. Rf4 Bxa2 21. Rxg4 Rh5 22. Rf4 Rg5 23. h4 Rg8 24. Kf2 Be6 25. Ne3 Kd6 26. c4 a5 27. h5 Rh8 28. g4 b6 29. d5 cxd5 30. cxd5 Bxg4 31. Nxg4 Rxh5 32. Bb5 Ne5 33. Rxf6+ Kxd5 34. Ne3+ Kc5 35. Be2 Rh8 36. Rf5 Kd6 37. Rf6+ Kc5 38. Ke1 Re8 39. Kd2 Re6 40. Rf5 Kb4 41. Nc2+ Kc5 42. Ne1 f6 43. Nd3+ Kc6 44. Nf4 Rd6+ 45. Kc3 Kc7 46. Bb5 Kb7 47. Rh5 Ka7 48. Rh7+ Kb8 49. Rg7 Ka8 50. Re7 Kb8 51. Ne6 Nc6 52. Re8+ Ka7 53. Rc8 Nb4 54. Nf4 Rd1 55. Rf8 Rd6 56. Rf7+ Kb8 57. Bc4 Ka8 58. Nh5 Kb8 59. Nxf6 b5 60. Bxb5 Rxf6 61. Rxf6 Nd5+ 62. Kb3 Nxf6 63. Ka4 Kb7 64. Kxa5 Nd5 65. Be2 Nf6 66. Bf3+ Kb8 67. Kb6 Nd7+ 68. Kb5 Ne5 69. Be4 Nd7 70. Kc4 Ne5+ 71. Kd5 Ng4 72. Bd3 Nf6+ 73. Kc6 Ng4 74. Kd6 Nf6 75. Kc6 Ng4 76. Bf5 Ne5+ 77. Kd5 Nf3 78. b4 Nd2 79. Bc2 Kb7 80. Kc5 Kc7 81. Kb5 Nf3 82. Kc5 Nd2 1/2-1/2

[Event "TUR-chT Clubs"]
[Site "Konya"]
[Date "2019.07.17"]
[Round "2.18"]
[White "Kara, Recep"]
[Black "Tocoglu, Onur"]
[Result "0-1"]
[WhiteElo "1511"]
[BlackElo "1718"]
[PlyCount "98"]
[EventDate "2019.07.16"]
[EventType "team-swiss"]
[EventRounds "9"]
[EventCountry "TUR"]
[SourceTitle "CBM 191 Extra"]
[Source "ChessBase"]
[SourceDate "2019.09.30"]
[SourceVersion "1"]
[SourceVersionDate "2019.09.30"]
[SourceQuality "1"]
[WhiteTeam "Nigde"]
[BlackTeam "Bolu Dernegi"]
[WhiteTeamCountry "TUR"]
[BlackTeamCountry "TUR"]

1. c4 Nf6 2. Nc3 b6 3. e4 e5 4. d4 exd4 5. Qxd4 Nc6 6. Qd1 Bb4 7. Bg5 h6 8. Bxf6 Qxf6 9. Rc1 0-0 10. Nf3 d6 11. Bd3 Bg4 12. 0-0 Bxc3 13. bxc3 Bxf3 14. Qxf3 Qxf3 15. gxf3 Ne5 16. Be2 f5 17. f4 Ng6 18. Bf3 Nxf4 19. exf5 Rae8 20. Rfe1 Rxe1+ 21. Rxe1 Rxf5 22. Re7 Re5 23. Rxe5 dxe5 24. Kf1 Kf7 25. Be4 Ke6 26. f3 Kd6 27. Bc2 Kc5 28. Bb3 a5 29. Ke1 Nd3+ 30. Kd2 Nb2 31. Ke3 Nxc4+ 32. Kd3 Nd6 33. a4 g5 34. Be6 c6 35. h3 b5 36. axb5 cxb5 37. Bg8 b4 38. Bb3 bxc3 39. Kxc3 e4 40. Bd1 exf3 41. Bxf3 Nb5+ 42. Kb2 Kb4 43. Bd5 a4 44. Be6 Nd4 45. Bd5 h5 46. Bg2 g4 47. hxg4 hxg4 48. Bd5 g3 49. Bg2 Ne2 0-1

[Event "TUR-chT2"]
[Site "Konya"]
[Date "2018.07.12"]
[Round "5.25"]
[White "Turgut, Huseyin Tolga"]
[Black "Tocoglu, Onur"]
[Result "0-1"]
[WhiteElo "1380"]
[BlackElo "1617"]
[PlyCount "100"]
[EventDate "2018.07.10"]
[EventType "team-swiss"]
[EventRounds "9"]
[EventCountry "TUR"]
[SourceTitle "EXT 2019"]
[Source "ChessBase"]
[SourceDate "2018.10.10"]
[SourceVersion "1"]
[SourceVersionDate "2018.10.10"]
[SourceQuality "1"]
[WhiteTeam "Kastam Koy Hizmetleri"]
[BlackTeam "Bolu Dernegi"]
[WhiteTeamCountry "TUR"]
[BlackTeamCountry "TUR"]

1. e4 e5 2. Nf3 Nf6 3. Bc4 Nc6 4. d3 Be7 5. Nc3 0-0 6. Nd5 d6 7. 0-0 Bg4 8. Ne3 Qd7 9. Nxg4 Qxg4 10. c3 Rad8 11. Qe2 a6 12. Bg5 Na5 13. Bxf6 Bxf6 14. Bb3 Nxb3 15. axb3 d5 16. Rfd1 Qe6 17. b4 Rd6 18. exd5 Rxd5 19. Kf1 Rfd8 20. Qc2 Rxd3 21. Rxd3 Qc4 22. Qe2 Qxd3 23. Qxd3 Rxd3 24. Ke2 Rd6 25. Nd2 Kf8 26. Ne4 Rb6 27. Rd1 Be7 28. Rb1 f5 29. Nd2 Rh6 30. h3 Ke8 31. Nc4 Re6 32. Ne3 g6 33. Nd5 Kd7 34. Rd1 Rd6 35. Rd3 b5 36. b3 c6 37. Ne3 Bg5 38. Nc2 Rxd3 39. Kxd3 Kd6 40. f3 c5 41. bxc5+ Kxc5 42. g4 h5 43. Ke2 a5 44. Ne1 a4 45. Nd3+ Kd6 46. bxa4 bxa4 47. Nb4 e4 48. Nc2 Kc5 49. Nd4 exf3+ 50. Kxf3 a3 0-1